| 000 | 01182nam a22003497a 4500 | ||
|---|---|---|---|
| 003 | CHAP | ||
| 005 | 20220329135058.0 | ||
| 008 | 971013s1980 r 00010 d | ||
| 010 | _a30573 | ||
| 011 | _a31545 | ||
| 035 | _a35657 | ||
| 040 | _cCHAP | ||
| 100 | 0 | 0 |
_aCorreu Gleaves, Sergio. _928253 |
| 245 | _aMetodología para estimar cuotas por servicio de riego en el Distrito No. 10 Culiacán, Sin. | ||
| 260 |
_aChapingo, Méx. : _bEl autor, _c1980 |
||
| 300 | _a145 h. gráfs. | ||
| 500 | _ac.4 en bodega | ||
| 590 |
_aBATCH-UPD _b10 _c20130110 _lUCH01 _h0136 |
||
| 590 |
_aBATCH-UPD _b10 _c20130110 _lUCH01 _h1949 |
||
| 590 |
_aBATCH-UPD _b10 _c20130409 _lUCH01 _h2133 |
||
| 590 |
_aBATCH-UPD _b10 _c20130410 _lUCH01 _h1311 |
||
| 590 |
_aBATCH-UPD _b10 _c20130914 _lUCH01 _h1051 |
||
| 590 |
_aCONVERSION _b10 _c20130109 _lUCH01 _h1317 |
||
| 650 | 1 | 4 |
_aDistrito de Riego Culiacán, Sin. _932865 |
| 650 | 1 | 4 |
_aIrrigación _xCostos _xSinaloa. _960402 |
| 650 | 1 | 4 |
_aIrrigación _xSinaloa. _960481 |
| 901 | _aBK | ||
| 942 | _cFOLL | ||
| 949 |
_bBC _cTES _d-82520 _eTS1 _i35657 _si |
||
| 949 |
_bBC _cTES _d-82522 _eTS2 _fc.3 _i35657 _si |
||
| 949 |
_bBC _cTES _d33724000941001 _eTS2 _fc.2 _i35657 _si |
||
| 999 |
_c30573 _d30573 |
||